[Event "Wch-ch U08 rapid"]
[Site "Minsk"]
[Date "2019.08.17"]
[Round "7"]
[White "Bayramli, Rafael"]
[Black "Velagapudi, Vihan"]
[Result "1-0"]
[WhiteElo "1326"]
[BlackElo "1149"]
[PlyCount "117"]
[EventDate "2019.08.16"]
[EventType "swiss (rapid)"]
[EventRounds "9"]
[EventCountry "BLR"]
[SourceTitle "EXT 2020"]
[Source "ChessBase"]
[SourceDate "2019.10.17"]
[SourceVersion "1"]
[SourceVersionDate "2019.10.17"]
[SourceQuality "1"]

1. d4 d5 2. Bf4 Nf6 3. e3 c5 4. c3 Nc6 5. Nd2 Qb6 6. Qb3 c4 7. Qc2 Bg4 8. b3 cxb3 9. axb3 e6 10. Bd3 Bh5 11. Ngf3 Be7 12. h3 Bg6 13. Bxg6 hxg6 14. 0-0 0-0 15. Rfb1 a5 16. Ne1 Rfc8 17. Qb2 Nd7 18. Nd3 Qa6 19. c4 Nb4 20. Nxb4 Bxb4 21. e4 dxc4 22. bxc4 b6 23. d5 Bxd2 24. Qxd2 Qxc4 25. dxe6 Qxe6 26. f3 Nc5 27. Qa2 Qxa2 28. Rxa2 Ra6 29. Be3 a4 30. Rb5 Kf8 31. Bc1 Ke7 32. Ba3 Kd6 33. Rab2 Kc6 34. R5b4 Rd8 35. Kf1 Rd3 36. Ra2 b5 37. Ke2 Rb3 38. Kd2 Rxb4 39. Bxb4 Nb3+ 40. Kc2 Ra8 41. Kb2 Kb6 42. Ka3 Rc8 43. Re2 f6 44. e5 Re8 45. exf6 Rg8 46. f7 Rd8 47. Re8 Rd1 48. f8Q Ra1+ 49. Kb2 Rc1 50. Qd6+ Rc6 51. Rb8+ Ka7 52. Qxc6 Kxb8 53. Bd6+ Ka7 54. Qc7+ Ka6 55. Qc6+ Ka7 56. Bc7 a3+ 57. Kxb3 b4 58. Qb6+ Ka8 59. Qa6# 1-0

[Event "Wch-ch U08 rapid"]
[Site "Minsk"]
[Date "2019.08.16"]
[Round "4"]
[White "Bayramli, Rafael"]
[Black "Karimli, Yusif"]
[Result "1-0"]
[WhiteElo "1326"]
[BlackElo "1227"]
[PlyCount "71"]
[EventDate "2019.08.16"]
[EventType "swiss (rapid)"]
[EventRounds "9"]
[EventCountry "BLR"]
[SourceTitle "EXT 2020"]
[Source "ChessBase"]
[SourceDate "2019.10.17"]
[SourceVersion "1"]
[SourceVersionDate "2019.10.17"]
[SourceQuality "1"]

1. c4 e6 2. g3 d5 3. cxd5 exd5 4. d4 Nf6 5. Bg2 c6 6. Nc3 Be7 7. Nf3 Bf5 8. 0-0 0-0 9. Nh4 Bg4 10. Nf3 Nbd7 11. Bf4 Re8 12. h3 Bf5 13. Nh4 Be6 14. Nf3 Qb6 15. Na4 Qa6 16. Nc3 b6 17. Rc1 Rac8 18. Qa4 Qxa4 19. Nxa4 c5 20. Nc3 c4 21. Nb5 a6 22. Nc7 Red8 23. Nxe6 fxe6 24. Ng5 Nf8 25. Rc2 h6 26. Nf3 N8d7 27. g4 b5 28. a3 a5 29. Ne5 Nxe5 30. Bxe5 b4 31. axb4 axb4 32. Ra1 Ra8 33. Rcc1 Nd7 34. Bg3 Bf6 35. e3 Nb6 36. Bc7 1-0

[Event "EU-ch U08"]
[Site "Bratislava"]
[Date "2019.08.08"]
[Round "7"]
[White "Bayramli, Rafael"]
[Black "Meszaros, Casey Ryan"]
[Result "1-0"]
[WhiteElo "1514"]
[BlackElo "1248"]
[PlyCount "83"]
[EventDate "2019.08.02"]
[EventType "swiss"]
[EventRounds "9"]
[EventCountry "SVK"]
[SourceTitle "EXT 2020"]
[Source "ChessBase"]
[SourceDate "2019.10.17"]
[SourceVersion "1"]
[SourceVersionDate "2019.10.17"]
[SourceQuality "1"]

1. c4 Nf6 2. g3 g6 3. Bg2 Bg7 4. e3 c5 5. Ne2 Nc6 6. Nbc3 e6 7. d4 cxd4 8. exd4 0-0 9. 0-0 Re8 10. Rb1 a6 11. h3 d6 12. Be3 Bd7 13. c5 dxc5 14. dxc5 Qc7 15. Qb3 Nd8 16. Na4 Bc6 17. Nb6 Rb8 18. Rfd1 Bxg2 19. Kxg2 Nc6 20. Qc2 Rbd8 21. Nc3 Nd7 22. a3 Nxb6 23. cxb6 Qc8 24. Ne4 Rxd1 25. Rxd1 Rd8 26. Bg5 Rxd1 27. Qxd1 h6 28. Bf6 Bxf6 29. Nxf6+ Kg7 30. Ne4 Qd8 31. Qd6 Qxd6 32. Nxd6 Nd8 33. Kf3 Kf8 34. Ke4 Ke7 35. Nc4 f5+ 36. Kd4 Nc6+ 37. Kc5 e5 38. b4 g5 39. Nd6 f4 40. Nxb7 f3 41. Kxc6 e4 42. Nd6 1-0

[Event "EU-ch U08"]
[Site "Bratislava"]
[Date "2019.08.07"]
[Round "6"]
[White "Obrycki, Tomasz"]
[Black "Bayramli, Rafael"]
[Result "1/2-1/2"]
[WhiteElo "1190"]
[BlackElo "1514"]
[PlyCount "85"]
[EventDate "2019.08.02"]
[EventType "swiss"]
[EventRounds "9"]
[EventCountry "SVK"]
[SourceTitle "EXT 2020"]
[Source "ChessBase"]
[SourceDate "2019.10.17"]
[SourceVersion "1"]
[SourceVersionDate "2019.10.17"]
[SourceQuality "1"]

1. e4 c5 2. c4 Nc6 3. Nc3 g6 4. d3 Bg7 5. Nge2 d6 6. g3 e6 7. Bg2 Nge7 8. 0-0 0-0 9. Bg5 h6 10. Be3 Nd4 11. Rb1 Rb8 12. a3 b6 13. b4 Bb7 14. Qd2 Kh7 15. f4 a6 16. Bf2 Bc6 17. Nc1 Qd7 18. Nb3 f5 19. Nxd4 cxd4 20. Ne2 e5 21. exf5 gxf5 22. Rfc1 Bxg2 23. Kxg2 Qb7+ 24. Kg1 Rfc8 25. a4 Qd7 26. b5 a5 27. Kf1 Qa7 28. Qa2 Qb7 29. Kg1 Qf3 30. Qd2 Ng6 31. Rf1 Rf8 32. Bxd4 Qg4 33. Be3 h5 34. Rf2 h4 35. Rg2 h3 36. Rf2 Rg8 37. Rbf1 Rgf8 38. d4 e4 39. d5 Nh4 40. Kh1 Nf3 41. Qd1 Rfc8 42. Qb3 Kg6 43. Rd1 1/2-1/2

[Event "EU-ch U08"]
[Site "Bratislava"]
[Date "2019.08.04"]
[Round "3"]
[White "Bayramli, Rafael"]
[Black "Temirbekov, Taimaz"]
[Result "0-1"]
[WhiteElo "1514"]
[BlackElo "1366"]
[PlyCount "64"]
[EventDate "2019.08.02"]
[EventType "swiss"]
[EventRounds "9"]
[EventCountry "SVK"]
[SourceTitle "EXT 2020"]
[Source "ChessBase"]
[SourceDate "2019.10.17"]
[SourceVersion "1"]
[SourceVersionDate "2019.10.17"]
[SourceQuality "1"]

1. d4 d5 2. Bf4 Nf6 3. e3 c5 4. c3 Nc6 5. Nd2 Qb6 6. Qb3 c4 7. Qc2 Bg4 8. e4 e6 9. e5 Bf5 10. Qc1 Nd7 11. Be2 Be7 12. Ngf3 Qa5 13. b3 Ba3 14. Qd1 Qxc3 15. 0-0 Bb2 16. bxc4 Nxd4 17. cxd5 Nxe2+ 18. Qxe2 Bxa1 19. Ne4 Bxe4 20. Qxe4 Nc5 21. Qe2 Qd3 22. Qe1 Bc3 23. Qc1 exd5 24. Rd1 Bb2 25. Rxd3 Bxc1 26. Rxd5 Bxf4 27. Rxc5 0-0 28. g3 Bh6 29. Rc7 Rfc8 30. Rxb7 Rc2 31. a4 Rc4 32. a5 Rc5 0-1